00000000nam 2200000zi 4500
0019.933465
003CaOODSP
00520250109150929
006m     o  d f      
007cr mn|||||||||
008240205t20242024onca    ob   f000 0 eng d
020 |a9780660700458
040 |aCaOODSP|beng|erda|cCaOODSP
043 |an-cn---
0861 |aIu122-7/2024E-PDF
24500|aTariff approval processes : |buser guide.
264 1|a[Ottawa] : |bCopyright Board Canada = Commission du droit d'auteur du Canada, |c[2024]
264 4|c©2024
300 |a1 online resource (15 pages) : |billustrations
336 |atext|btxt|2rdacontent
337 |acomputer|bc|2rdamedia
338 |aonline resource|bcr|2rdacarrier
500 |aIssued also in French under title: Les processus reliés à l’approbation des projets de tarif : guide d'utilisateur.
504 |aIncludes bibliographical references.
650 0|aCopyright|zCanada.
650 0|aTariff|zCanada.
7102 |aCopyright Board Canada, |eissuing body.
77508|tLes processus reliés à l’approbation des projets de tarif : |w(CaOODSP)9.933467
85640|qPDF|s1.69 MB|uhttps://publications.gc.ca/collections/collection_2025/isde-ised/Iu122-7-2024-eng.pdf